000 00507nam a2200157 4500
001 137440
003 ES-MaACL
005 20230906195355.0
007 t|
008 070214s1968 sp r ||||1| spa d
100 1 _aSánchez Alonso, José María.
_9102449
245 1 0 _aSistemas de representación y dibujo técnico
_b: apuntes /
_cJosé María Sánchez Alonso.
260 _aBilbao :
_b[s.n.],
_c1968 (
_fEstudios Grafor)
300 _a101 fol. :
_bil. ;
_c32 cm.
852 _aES-MaACL
_jC-41243
_bR.72186
999 _c137440
_d137440